000 00246nam a2200109Ia 4500
008 200302s9999 xx 000 0 und d
100 _aChung sun Young
245 _aLandscape world Vol 7
260 _bArchi world
260 _c2014
300 _a183
999 _c6829
_d6829